Teaching large multilevel classes /

Saved in:
Bibliographic Details
Main Author: Hess, Natalie.
Format: Book (Paper)
Language:English
Published: New York : Cambridge University Press, 2001.
Subjects:
Tags: Add Tag
No Tags, Be the first to tag this record!
Institutions: Thư viện Trường Đại học Đà Lạt
LEADER 00710nam a2200301 4500
001 DLU110120530
005 ##20110505
040 # # |a DLU  |b vie 
041 # # |a eng 
044 # # |a vn 
082 # # |a 428.007 1  |b HE-N 
100 # # |a Hess, Natalie. 
245 # # |a Teaching large multilevel classes /  |c Natalie Hess. 
260 # # |a New York :  |b Cambridge University Press,  |c 2001. 
300 # # |a xi, 197 tr. ;  |c 24 cm. 
653 # # |a Class size 
653 # # |a English language 
923 # # |a 01/2011NN 
991 # # |a GT 
992 # # |a 289000 
994 # # |a KNN 
900 # # |a True 
911 # # |a Đào Thị Thu Huyền 
925 # # |a G 
926 # # |a A 
927 # # |a SH 
980 # # |a Thư viện Trường Đại học Đà Lạt